00753 2200277 4500001002100000005001500021035002000036007000300056008004100059040001700100100000900117245006700126250001200193300006600205020001800271041000800289082000800297084001400305090002000319260004600339650001100385850001000396990002300406990002300429990002300452INLIS00000000000328920260527044447 a0010-0421000112ta260527 0  aSBPUPADbind0 aAmir1 aAdat Minangkabau :bPola dan Tujuan Hidup Orang Minang /cAmir a.-Cet.1 axxii, 206 hlm. :bilus. ;c24 cmeBibliografi, hlm 205 - 206 a979-8011-89-90 aind a390 a390 AMI a a390 AMI a L9-R2 a.--Jakarta :bMutiara Sumber Widya,c2006 4aBudaya aPUPAD a8643/H/KAPD-PDG/09 a8646/H/KAPD-PDG/09 a8647/H/KAPD-PDG/09